Catalog

Record Details

Catalog Search



Čím je nám dnes Ježíš Kristus?  Cover Image Book Book

Čím je nám dnes Ježíš Kristus? / E. Rádl, J. L. Hromádka a J. Šimsa

Rádl, Emanuel (Author). Hromádka, Josef L. (Added Author). Šimsa, Jaroslav (Added Author).

Record details

  • Physical Description: 36 s.
  • Publisher: Praha YMCA 1940

Available copies

  • 1 of 1 copy available at Common Catalog SPOK.

Holds

  • 0 current holds with 1 total copy.
Show Only Available Copies
Location Call Number / Copy Notes Barcode Shelving Location Status Due Date
ETS Library 232 424470006625 Volný výběr Available -

LDR 00696nam a2 00253
00144711
003CZ-PrJAB
00520031216000000.0
008011212s1940 xr e |||| |cze
009cz
035 . ‡a(CONS)1703
035 . ‡aKPS10388
040 . ‡aABG450
041 . ‡acze
08214. ‡a232
100 . ‡72677 ‡aRádl, Emanuel
245 . ‡aČím je nám dnes Ježíš Kristus? / ‡cE. Rádl, J. L. Hromádka a J. Šimsa
260 . ‡aPraha ‡bYMCA ‡c1940
300 . ‡a36 s.
653 . ‡aČím je nám dnes Ježíš Kristus?
700 . ‡75709 ‡aHromádka, Josef L.
700 . ‡71933 ‡aŠimsa, Jaroslav
8524 . ‡bETS ‡bETS ‡cVolný výběr ‡j232 ‡gA ‡p424470006625
910 . ‡aABG450
999 . ‡a1703 ‡bAUTOGEN ‡c1703 ‡tbiblio
905 . ‡uadmin
901 . ‡a44711 ‡b ‡c44711 ‡tbiblio ‡sets

Additional Resources